| 000 | 00396nam a22001337a 4500 | ||
|---|---|---|---|
| 020 | _a9781363617876 | ||
| 082 | _a001.42 TYL | ||
| 100 | _aTylor, Edward B | ||
| 245 | _aPrimitive Culture: Researches in to the Development of Mythology, Philosophy, Religion, Language, art and Coustom | ||
| 260 |
_aLondon _bJohn Murray, _c1903 |
||
| 300 | _a502 | ||
| 650 | _aResearches-Mythology | ||
| 942 | _cBK | ||
| 999 |
_c20174 _d20174 |
||